[Event "EUYCC 2024 U12"]
[Site "?"]
[Date "2024.08.09"]
[Round "5.1"]
[White "Petroff, Vlad"]
[Black "Corral Nehama, Leo"]
[Result "1/2-1/2"]
[BlackElo "1984"]
[WhiteElo "1997"]
[LiveChessVersion "1.4.8"]

1. d4 {[%clk 1:30:51]} Nf6 {[%clk 1:30:14]} 2. Nf3 {[%clk 1:30:59]} e6
{[%clk 1:30:09]} 3. c4 {[%clk 1:30:54]} Bb4+ {[%clk 1:29:16]} 4. Nbd2
{[%clk 1:30:48]} b6 {[%clk 1:27:12]} 5. a3 {[%clk 1:29:36]} Bxd2+
{[%clk 1:27:14]} 6. Qxd2 {[%clk 1:29:22]} Ne4 {[%clk 1:25:20]} 7. Qc2
{[%clk 1:28:49]} Bb7 {[%clk 1:25:36]} 8. e3 {[%clk 1:28:44]} d6 {[%clk 1:23:50]}
9. Be2 {[%clk 1:27:46]} Nd7 {[%clk 1:18:45]} 10. O-O {[%clk 1:25:11]} f5
{[%clk 1:16:10]} 11. b4 {[%clk 1:22:55]} Qf6 {[%clk 1:04:29]} 12. Bb2
{[%clk 1:18:27]} Qh6 {[%clk 1:03:18]} 13. d5 {[%clk 1:11:01]} e5 {[%clk 0:57:45]}
14. Nd2 {[%clk 0:56:36]} Nxd2 {[%clk 0:45:02]} 15. Qxd2 {[%clk 0:56:28]} O-O
{[%clk 0:43:54]} 16. Rac1 {[%clk 0:47:42]} Rae8 {[%clk 0:37:22]} 17. f3
{[%clk 0:39:26]} g5 {[%clk 0:29:40]} 18. g3 {[%clk 0:26:08]} Qg6 {[%clk 0:19:07]}
19. Kg2 {[%clk 0:19:31]} Nf6 {[%clk 0:18:37]} 20. Bd3 {[%clk 0:16:43]} Bc8
{[%clk 0:17:26]} 21. e4 {[%clk 0:13:14]} fxe4 {[%clk 0:14:16]} 22. fxe4
{[%clk 0:13:37]} Qh5 {[%clk 0:14:14]} 23. Kg1 {[%clk 0:12:06]} Bh3
{[%clk 0:12:26]} 24. Rfe1 {[%clk 0:09:53]} Qg6 {[%clk 0:07:53]} 25. Qd1
{[%clk 0:06:32]} Bg4 {[%clk 0:06:47]} 26. Qc2 {[%clk 0:05:13]} Bf3
{[%clk 0:06:17]} 27. Rf1 {[%clk 0:04:33]} Qh5 {[%clk 0:05:58]} 28. Rce1
{[%clk 0:04:27]} g4 {[%clk 0:04:44]} 29. Bc1 {[%clk 0:04:06]} Re7
{[%clk 0:04:21]} 30. Qd2 {[%clk 0:03:56]} Rg7 {[%clk 0:03:03]} 31. Qh6
{[%clk 0:03:34]} Qe8 {[%clk 0:01:48]} 32. Qd2 {[%clk 0:03:38]} Rg6
{[%clk 0:01:49]} 33. Qc2 {[%clk 0:03:28]} Qd7 {[%clk 0:01:35]} 34. c5
{[%clk 0:02:48]} Qe7 {[%clk 0:01:06]} 35. Be3 {[%clk 0:01:55]} Kh8
{[%clk 0:00:46]} 36. a4 {[%clk 0:01:25]} Nd7 {[%clk 0:00:45]} 37. cxb6
{[%clk 0:01:12]} cxb6 {[%clk 0:00:59]} 38. Be2 {[%clk 0:01:22]} Bxe2
{[%clk 0:00:44]} 39. Rxf8+ {[%clk 0:01:33]} Nxf8 {[%clk 0:01:02]} 40. Qxe2
{[%clk 0:01:54]} Qd7 {[%clk 0:00:40]} 41. Rf1 {[%clk 0:01:39]} Kg8
{[%clk 0:01:02]} 42. Qc2 {[%clk 0:01:58]} Rg7 {[%clk 0:00:47]} 43. Bh6
{[%clk 0:01:00]} Rf7 {[%clk 0:01:16]} 44. Rxf7 {[%clk 0:01:11]} Qxf7
{[%clk 0:01:37]} 45. Qc8 {[%clk 0:01:21]} Qf3 {[%clk 0:01:05]} 46. Bxf8
{[%clk 0:00:39]} Qd1+ {[%clk 0:01:12]} 47. Kf2 {[%clk 0:01:03]} Qd2+
{[%clk 0:01:05]} 48. Kf1 {[%clk 0:01:25]} Qd1+ {[%clk 0:01:24]} 49. Kf2
{[%clk 0:01:54]} Qd2+ {[%clk 0:01:53]} 50. Kf1 {[%clk 0:02:19]} 1/2-1/2

[Event "EUYCC 2024 U12"]
[Site "?"]
[Date "2024.08.09"]
[Round "5.2"]
[White "Bilochenko, Matvii"]
[Black "Velim, Vojtech"]
[Result "1-0"]
[BlackElo "1926"]
[WhiteElo "1800"]
[LiveChessVersion "1.4.8"]

1. e4 {[%clk 1:30:58]} c6 {[%clk 1:30:54]} 2. d4 {[%clk 1:31:24]} d5
{[%clk 1:31:21]} 3. Nc3 {[%clk 1:31:49]} dxe4 {[%clk 1:31:47]} 4. Nxe4
{[%clk 1:32:13]} Nf6 {[%clk 1:32:13]} 5. Nxf6+ {[%clk 1:32:28]} exf6
{[%clk 1:32:36]} 6. c3 {[%clk 1:32:34]} Bd6 {[%clk 1:32:59]} 7. Bd3
{[%clk 1:32:51]} O-O {[%clk 1:33:21]} 8. Qc2 {[%clk 1:33:07]} Re8+
{[%clk 1:33:44]} 9. Ne2 {[%clk 1:33:27]} h5 {[%clk 1:34:10]} 10. O-O
{[%clk 1:33:24]} h4 {[%clk 1:34:36]} 11. h3 {[%clk 1:33:28]} Nd7 {[%clk 1:34:59]}
12. Be3 {[%clk 1:33:03]} Nf8 {[%clk 1:35:15]} 13. Rad1 {[%clk 1:31:40]} Be6
{[%clk 1:35:14]} 14. c4 {[%clk 1:29:51]} Rc8 {[%clk 1:34:38]} 15. Nf4
{[%clk 1:24:54]} g6 {[%clk 1:31:25]} 16. Nxe6 {[%clk 1:22:23]} Nxe6
{[%clk 1:31:38]} 17. Qb3 {[%clk 1:14:42]} Re7 {[%clk 1:23:21]} 18. d5
{[%clk 1:08:54]} cxd5 {[%clk 1:21:29]} 19. cxd5 {[%clk 1:09:12]} Nc5
{[%clk 1:20:57]} 20. Bxc5 {[%clk 1:09:04]} Rxc5 {[%clk 1:09:55]} 21. Qa4
{[%clk 1:01:59]} Rxd5 {[%clk 0:53:17]} 22. Qxh4 {[%clk 0:53:56]} Be5
{[%clk 0:51:29]} 23. Bxg6 {[%clk 0:37:59]} Rc7 {[%clk 0:48:10]} 24. Qh7+
{[%clk 0:38:09]} Kf8 {[%clk 0:48:29]} 25. Qh8+ {[%clk 0:38:29]} Ke7
{[%clk 0:48:48]} 26. Qxd8+ {[%clk 0:38:46]} Rxd8 {[%clk 0:49:09]} 27. Rxd8
{[%clk 0:36:06]} Kxd8 {[%clk 0:49:29]} 28. Be4 {[%clk 0:35:02]} b6
{[%clk 0:44:39]} 29. b3 {[%clk 0:33:36]} Rd7 {[%clk 0:43:23]} 30. a4
{[%clk 0:29:43]} a5 {[%clk 0:43:32]} 31. g4 {[%clk 0:26:39]} Bf4 {[%clk 0:41:46]}
32. Kg2 {[%clk 0:25:03]} Rd4 {[%clk 0:36:50]} 33. Bc6 {[%clk 0:24:17]} Rd3
{[%clk 0:33:53]} 34. Rb1 {[%clk 0:23:33]} Bg5 {[%clk 0:22:35]} 35. Bb5
{[%clk 0:22:52]} Rc3 {[%clk 0:20:36]} 36. Rd1+ {[%clk 0:22:12]} Kc8
{[%clk 0:20:06]} 37. Bc4 {[%clk 0:21:25]} Rc2 {[%clk 0:19:16]} 38. Kg3
{[%clk 0:20:00]} Rc1 {[%clk 0:18:38]} 39. Rxc1 {[%clk 0:19:11]} Bxc1
{[%clk 0:18:44]} 40. Bxf7 {[%clk 0:19:14]} Kd7 {[%clk 0:19:01]} 41. Kf3
{[%clk 0:18:40]} Ke7 {[%clk 0:18:53]} 42. Bg6 {[%clk 0:18:46]} Bg5
{[%clk 0:19:11]} 43. Ke4 {[%clk 0:18:33]} Bh4 {[%clk 0:19:17]} 44. f4
{[%clk 0:18:32]} Ke6 {[%clk 0:19:27]} 45. Bf5+ {[%clk 0:18:19]} Kd6
{[%clk 0:19:49]} 46. Bc8 {[%clk 0:17:49]} Ke7 {[%clk 0:19:33]} 47. Kf5
{[%clk 0:17:23]} Kf7 {[%clk 0:19:52]} 48. g5 {[%clk 0:16:57]} Kg7
{[%clk 0:20:04]} 49. Kg4 {[%clk 0:16:16]} Be1 {[%clk 0:17:50]} 50. h4
{[%clk 0:16:13]} Bc3 {[%clk 0:14:53]} 51. h5 {[%clk 0:16:19]} Bd4
{[%clk 0:15:10]} 52. Kf5 {[%clk 0:16:10]} Bc3 {[%clk 0:15:07]} 53. Bd7
{[%clk 0:16:15]} Bd4 {[%clk 0:14:34]} 54. Be8 {[%clk 0:15:55]} Bc3
{[%clk 0:14:02]} 55. h6+ {[%clk 0:15:46]} Kf8 {[%clk 0:14:22]} 56. Bg6
{[%clk 0:15:24]} Kg8 {[%clk 0:14:47]} 57. gxf6 {[%clk 0:14:08]} Bb4
{[%clk 0:14:15]} 58. h7+ {[%clk 0:14:07]} Kh8 {[%clk 0:14:40]} 59. Ke6
{[%clk 0:13:58]} Ba3 {[%clk 0:14:34]} 60. Kd7 1-0

[Event "EUYCC 2024 U12"]
[Site "?"]
[Date "2024.08.09"]
[Round "5.3"]
[White "Vancakova, Veronika"]
[Black "Kala, Jakub"]
[Result "1/2-1/2"]
[BlackElo "1949"]
[WhiteElo "1776"]
[LiveChessVersion "1.4.8"]

1. d4 {[%clk 1:30:58]} d5 {[%clk 1:30:55]} 2. c4 {[%clk 1:31:19]} e6
{[%clk 1:31:19]} 3. Nc3 {[%clk 1:31:43]} Nf6 {[%clk 1:31:43]} 4. Bg5
{[%clk 1:32:07]} Be7 {[%clk 1:32:04]} 5. e3 {[%clk 1:32:32]} h6 {[%clk 1:32:24]}
6. Bh4 {[%clk 1:32:52]} O-O {[%clk 1:32:45]} 7. Nf3 {[%clk 1:33:17]} b6
{[%clk 1:32:32]} 8. cxd5 {[%clk 1:26:20]} exd5 {[%clk 1:26:34]} 9. Bd3
{[%clk 1:26:10]} Bb7 {[%clk 1:24:29]} 10. Qc2 {[%clk 1:25:08]} Nbd7
{[%clk 1:23:24]} 11. O-O-O {[%clk 1:17:53]} c5 {[%clk 1:09:27]} 12. Bxf6
{[%clk 1:08:53]} Nxf6 {[%clk 1:06:27]} 13. Ne5 {[%clk 1:07:29]} cxd4
{[%clk 0:54:52]} 14. exd4 {[%clk 1:07:43]} Rc8 {[%clk 0:55:05]} 15. Kb1
{[%clk 1:07:45]} Bb4 {[%clk 0:45:04]} 16. f3 {[%clk 0:58:33]} Bxc3
{[%clk 0:28:55]} 17. bxc3 {[%clk 0:58:55]} b5 {[%clk 0:25:35]} 18. Qd2
{[%clk 0:46:04]} Qa5 {[%clk 0:23:30]} 19. Kb2 {[%clk 0:41:08]} Rfd8
{[%clk 0:21:37]} 20. g4 {[%clk 0:20:42]} Rd6 {[%clk 0:19:41]} 21. a3
{[%clk 0:20:02]} Ra6 {[%clk 0:15:56]} 22. Ra1 {[%clk 0:20:12]} Ne8
{[%clk 0:11:37]} 23. g5 {[%clk 0:06:54]} Nd6 {[%clk 0:02:36]} 24. gxh6
{[%clk 0:06:52]} Nc4+ {[%clk 0:02:50]} 25. Nxc4 {[%clk 0:00:40]} bxc4
{[%clk 0:03:05]} 26. Bc2 {[%clk 0:00:47]} Qb6+ {[%clk 0:01:48]} 27. Kc1
{[%clk 0:00:39]} Qxh6 {[%clk 0:01:53]} 28. Rg1 {[%clk 0:00:33]} Qxd2+
{[%clk 0:01:31]} 29. Kxd2 {[%clk 0:00:59]} Rh6 {[%clk 0:01:57]} 30. Rg2
{[%clk 0:01:19]} Rcc6 {[%clk 0:01:28]} 31. Rag1 {[%clk 0:01:12]} g6
{[%clk 0:01:36]} 32. f4 {[%clk 0:00:53]} Kf8 {[%clk 0:01:31]} 33. f5
{[%clk 0:00:56]} gxf5 {[%clk 0:01:11]} 34. Bxf5 {[%clk 0:00:59]} Ra6
{[%clk 0:01:03]} 35. Ra1 {[%clk 0:00:46]} Rab6 {[%clk 0:00:51]} 36. Bc2
{[%clk 0:00:41]} Rh4 {[%clk 0:00:40]} 37. Rf2 {[%clk 0:00:49]} Rbh6
{[%clk 0:00:56]} 38. Rh1 {[%clk 0:01:05]} Bc8 {[%clk 0:01:00]} 39. Kc1
{[%clk 0:00:59]} Rh3 {[%clk 0:00:53]} 40. Kd2 {[%clk 0:01:09]} Ke7
{[%clk 0:00:45]} 41. Re1+ {[%clk 0:01:22]} Be6 {[%clk 0:00:56]} 42. Ree2
{[%clk 0:00:36]} Kd6 {[%clk 0:00:49]} 43. Rg2 {[%clk 0:00:51]} Rf6
{[%clk 0:00:40]} 44. Ref2 {[%clk 0:00:51]} Rff3 {[%clk 0:00:40]} 45. Rxf3
{[%clk 0:01:08]} Rxf3 {[%clk 0:01:06]} 46. Re2 {[%clk 0:00:53]} Rh3
{[%clk 0:01:13]} 47. Rf2 {[%clk 0:01:11]} Kd7 {[%clk 0:00:38]} 48. Ba4+
{[%clk 0:01:27]} Kd6 {[%clk 0:00:43]} 49. Bc2 {[%clk 0:01:44]} Ke7
{[%clk 0:00:54]} 50. Bb1 {[%clk 0:01:57]} Kf8 {[%clk 0:00:44]} 51. Bc2
{[%clk 0:01:25]} Kg7 {[%clk 0:00:45]} 52. Bb1 {[%clk 0:00:38]} Kh6
{[%clk 0:00:55]} 53. Rg2 {[%clk 0:00:34]} Rf3 {[%clk 0:00:49]} 54. Bc2
{[%clk 0:00:33]} Bh3 {[%clk 0:00:41]} 55. Re2 {[%clk 0:00:58]} Be6
{[%clk 0:01:07]} 56. Rg2 {[%clk 0:01:20]} Rh3 {[%clk 0:00:48]} 57. Bb1
{[%clk 0:01:40]} Rh5 {[%clk 0:00:38]} 58. Bc2 {[%clk 0:00:52]} Rg5
{[%clk 0:00:35]} 59. Rf2 {[%clk 0:01:07]} Kh5 {[%clk 0:00:38]} 60. Bd1+
{[%clk 0:01:08]} Kh4 {[%clk 0:00:45]} 61. Be2 {[%clk 0:00:41]} Rg7
{[%clk 0:00:35]} 62. Ke3 {[%clk 0:00:45]} Rg1 {[%clk 0:00:38]} 63. Bf1
{[%clk 0:00:51]} Rg4 {[%clk 0:00:44]} 64. Rf4 {[%clk 0:00:40]} Rxf4
{[%clk 0:00:34]} 65. Kxf4 1/2-1/2

[Event "EUYCC 2024 U12"]
[Site "?"]
[Date "2024.08.09"]
[Round "5.4"]
[White "Fadeev, Justin Michael"]
[Black "Meszaros-Csonka, David"]
[Result "1-0"]
[BlackElo "1932"]
[WhiteElo "1762"]
[LiveChessVersion "1.4.8"]

1. e4 {[%clk 1:30:59]} c5 {[%clk 1:30:13]} 2. Nf3 {[%clk 1:31:22]} e6
{[%clk 1:30:21]} 3. d4 {[%clk 1:31:43]} cxd4 {[%clk 1:30:34]} 4. Nxd4
{[%clk 1:32:06]} Nf6 {[%clk 1:30:46]} 5. Nc3 {[%clk 1:32:19]} Nc6
{[%clk 1:31:04]} 6. Ndb5 {[%clk 1:32:27]} d6 {[%clk 1:30:55]} 7. Bf4
{[%clk 1:32:18]} e5 {[%clk 1:31:07]} 8. Bg5 {[%clk 1:32:43]} a6 {[%clk 1:31:13]}
9. Na3 {[%clk 1:33:09]} b5 {[%clk 1:31:26]} 10. Nd5 {[%clk 1:33:27]} Be7
{[%clk 1:31:46]} 11. Bxf6 {[%clk 1:33:52]} Bxf6 {[%clk 1:32:13]} 12. c3
{[%clk 1:34:14]} O-O {[%clk 1:32:34]} 13. Nc2 {[%clk 1:34:39]} Rb8
{[%clk 1:32:56]} 14. h4 {[%clk 1:34:29]} g6 {[%clk 1:32:55]} 15. g3
{[%clk 1:34:45]} Bg7 {[%clk 1:32:53]} 16. h5 {[%clk 1:34:55]} Ne7
{[%clk 1:32:04]} 17. Nce3 {[%clk 1:35:13]} Nxd5 {[%clk 1:31:54]} 18. Nxd5
{[%clk 1:35:26]} Bb7 {[%clk 1:32:09]} 19. Qd3 {[%clk 1:35:50]} Bf6
{[%clk 1:26:23]} 20. O-O-O {[%clk 1:35:18]} Bg5+ {[%clk 1:21:35]} 21. Kb1
{[%clk 1:34:39]} Qc8 {[%clk 0:49:52]} 22. hxg6 {[%clk 1:10:54]} fxg6
{[%clk 0:29:16]} 23. f4 {[%clk 1:06:20]} Bd8 {[%clk 0:28:39]} 24. Bh3
{[%clk 0:48:38]} Qc5 {[%clk 0:24:52]} 25. Be6+ {[%clk 0:47:55]} Kg7
{[%clk 0:24:55]} 26. fxe5 {[%clk 0:43:09]} dxe5 {[%clk 0:24:11]} 27. Qd2
{[%clk 0:43:13]} h5 {[%clk 0:17:54]} 28. Rhf1 {[%clk 0:28:52]} Be7
{[%clk 0:13:31]} 29. Qe2 {[%clk 0:27:56]} Rbd8 {[%clk 0:05:58]} 30. Rxf8
{[%clk 0:27:04]} Bxf8 {[%clk 0:05:27]} 31. Rf1 {[%clk 0:22:47]} Qd6
{[%clk 0:01:49]} 32. Rf6 {[%clk 0:17:57]} Bxd5 {[%clk 0:01:30]} 33. Rf7+
{[%clk 0:18:15]} Kh8 {[%clk 0:01:59]} 34. exd5 {[%clk 0:18:23]} Bg7
{[%clk 0:01:31]} 35. Qe4 {[%clk 0:13:59]} Kh7 {[%clk 0:00:50]} 36. g4
{[%clk 0:14:14]} Kh6 {[%clk 0:00:45]} 37. gxh5 {[%clk 0:12:43]} gxh5
{[%clk 0:01:08]} 38. Qe3+ {[%clk 0:13:04]} Kh7 {[%clk 0:01:15]} 39. Qg5
{[%clk 0:13:23]} 1-0

[Event "EUYCC 2024 U12"]
[Site "?"]
[Date "2024.08.09"]
[Round "5.5"]
[White "Janaszak, Amelia"]
[Black "Sabou, Stefania Theodora"]
[Result "0-1"]
[BlackElo "1781"]
[WhiteElo "1424"]
[LiveChessVersion "1.4.8"]

1. e4 {[%clk 1:30:55]} c5 {[%clk 1:30:45]} 2. Nf3 {[%clk 1:30:36]} Nc6
{[%clk 1:30:55]} 3. Bb5 {[%clk 1:30:49]} g6 {[%clk 1:30:30]} 4. O-O
{[%clk 1:30:13]} Bg7 {[%clk 1:30:27]} 5. Bxc6 {[%clk 1:28:42]} bxc6
{[%clk 1:27:48]} 6. Nc3 {[%clk 1:25:29]} e5 {[%clk 1:26:51]} 7. d3
{[%clk 1:23:58]} Ne7 {[%clk 1:25:08]} 8. Be3 {[%clk 1:20:52]} d6 {[%clk 1:25:21]}
9. Qd2 {[%clk 1:20:09]} h6 {[%clk 1:23:24]} 10. h3 {[%clk 1:18:56]} f5
{[%clk 1:20:01]} 11. Qe2 {[%clk 1:16:23]} f4 {[%clk 1:17:53]} 12. Bd2
{[%clk 1:15:32]} g5 {[%clk 1:14:27]} 13. Nh2 {[%clk 1:10:21]} O-O
{[%clk 1:03:46]} 14. Rab1 {[%clk 1:02:41]} a5 {[%clk 0:49:12]} 15. Na4
{[%clk 0:51:03]} Be6 {[%clk 0:44:55]} 16. b3 {[%clk 0:46:44]} Nc8
{[%clk 0:44:32]} 17. c4 {[%clk 0:45:29]} Qe8 {[%clk 0:37:28]} 18. f3
{[%clk 0:34:15]} Qd8 {[%clk 0:33:50]} 19. Qe1 {[%clk 0:27:57]} Qc7
{[%clk 0:32:07]} 20. Bc3 {[%clk 0:26:53]} Ne7 {[%clk 0:28:57]} 21. Rd1
{[%clk 0:25:46]} Ng6 {[%clk 0:28:56]} 22. Kh1 {[%clk 0:23:32]} Kh7
{[%clk 0:25:33]} 23. Bd2 {[%clk 0:22:45]} Bf6 {[%clk 0:24:16]} 24. Kg1
{[%clk 0:17:56]} Bd8 {[%clk 0:20:39]} 25. Bc3 {[%clk 0:16:36]} h5
{[%clk 0:18:46]} 26. Qe2 {[%clk 0:15:44]} Qd7 {[%clk 0:16:50]} 27. Be1
{[%clk 0:14:27]} Rg8 {[%clk 0:14:12]} 28. Kh1 {[%clk 0:11:21]} Kg7
{[%clk 0:12:20]} 29. Rg1 {[%clk 0:08:37]} g4 {[%clk 0:09:42]} 30. hxg4
{[%clk 0:05:05]} hxg4 {[%clk 0:08:19]} 31. g3 {[%clk 0:05:07]} Rh8
{[%clk 0:08:35]} 32. fxg4 {[%clk 0:03:54]} Bxg4 {[%clk 0:08:16]} 33. Qd2
{[%clk 0:04:11]} Bf3+ {[%clk 0:06:22]} 34. Rg2 {[%clk 0:04:09]} fxg3
{[%clk 0:04:45]} 35. Bxg3 {[%clk 0:04:07]} Qh3 {[%clk 0:04:24]} 36. Kg1
{[%clk 0:03:41]} Bxg2 {[%clk 0:04:45]} 37. Qxg2 {[%clk 0:03:50]} Qxg2+
{[%clk 0:04:43]} 38. Kxg2 {[%clk 0:04:09]} Bg5 {[%clk 0:04:36]} 39. Nf3
{[%clk 0:03:43]} Bf4 {[%clk 0:04:09]} 40. Nc3 {[%clk 0:03:05]} Bxg3
{[%clk 0:04:30]} 41. Kxg3 {[%clk 0:03:18]} Nf4 {[%clk 0:04:55]} 42. Kf2
{[%clk 0:02:58]} Kf6 {[%clk 0:05:17]} 43. Ne2 {[%clk 0:02:15]} Nxe2
{[%clk 0:05:31]} 44. Kxe2 {[%clk 0:02:38]} Rag8 {[%clk 0:05:58]} 45. Rf1
{[%clk 0:02:44]} Rg2+ {[%clk 0:05:59]} 46. Ke3 {[%clk 0:02:18]} Rh3
{[%clk 0:05:43]} 47. a3 {[%clk 0:02:17]} Kg6 {[%clk 0:05:39]} 48. Rf2
{[%clk 0:01:28]} Rxf2 {[%clk 0:05:55]} 49. Kxf2 {[%clk 0:01:52]} Rh1
{[%clk 0:04:51]} 50. a4 {[%clk 0:01:58]} Kh5 {[%clk 0:04:47]} 51. Ng1
{[%clk 0:01:07]} Kg4 {[%clk 0:05:06]} 52. Ne2 {[%clk 0:00:53]} Rh2+
{[%clk 0:05:12]} 53. Ke3 {[%clk 0:01:09]} Rh3+ {[%clk 0:05:38]} 54. Kd2
{[%clk 0:01:18]} Rf3 {[%clk 0:05:35]} 55. Kc2 {[%clk 0:01:27]} Rf2
{[%clk 0:05:54]} 56. Kd1 {[%clk 0:01:43]} Kf3 {[%clk 0:05:45]} 57. Nc1
{[%clk 0:01:38]} Ke3 {[%clk 0:05:51]} 58. Ke1 {[%clk 0:01:43]} Rh2
{[%clk 0:05:33]} 59. Kd1 {[%clk 0:02:00]} Rg2 {[%clk 0:05:44]} 60. d4
{[%clk 0:02:05]} exd4 {[%clk 0:05:52]} 0-1

[Event "EUYCC 2024 U12"]
[Site "?"]
[Date "2024.08.09"]
[Round "5.6"]
[White "Moravcik, Alex"]
[Black "Dabrowska, Ewa"]
[Result "1-0"]
[BlackElo "1515"]
[WhiteElo "1762"]
[LiveChessVersion "1.4.8"]

1. d4 {[%clk 1:30:51]} Nf6 {[%clk 1:30:53]} 2. c4 {[%clk 1:31:16]} e6
{[%clk 1:31:19]} 3. Nf3 {[%clk 1:31:29]} Bb4+ {[%clk 1:31:40]} 4. Nbd2
{[%clk 1:31:50]} b6 {[%clk 1:31:21]} 5. a3 {[%clk 1:31:47]} Bxd2+
{[%clk 1:31:37]} 6. Bxd2 {[%clk 1:25:09]} O-O {[%clk 1:30:50]} 7. Bg5
{[%clk 1:23:53]} Bb7 {[%clk 1:29:41]} 8. e3 {[%clk 1:22:57]} d6 {[%clk 1:27:06]}
9. Bd3 {[%clk 1:18:38]} Nbd7 {[%clk 1:23:59]} 10. O-O {[%clk 1:17:13]} Re8
{[%clk 1:18:40]} 11. Nd2 {[%clk 1:08:08]} e5 {[%clk 1:05:54]} 12. d5
{[%clk 1:07:41]} Nc5 {[%clk 1:05:20]} 13. Bc2 {[%clk 1:07:34]} h6
{[%clk 0:53:37]} 14. Bh4 {[%clk 1:06:34]} g5 {[%clk 0:53:15]} 15. Bg3
{[%clk 1:06:58]} Bc8 {[%clk 0:52:34]} 16. b4 {[%clk 1:05:25]} Nb7
{[%clk 0:49:54]} 17. h3 {[%clk 0:56:16]} Bd7 {[%clk 0:42:36]} 18. Rc1
{[%clk 0:26:27]} Qc8 {[%clk 0:32:07]} 19. f3 {[%clk 0:16:37]} a5 {[%clk 0:27:33]}
20. Be1 {[%clk 0:15:13]} Kg7 {[%clk 0:23:09]} 21. Ne4 {[%clk 0:11:37]} Qd8
{[%clk 0:20:16]} 22. Nxf6 {[%clk 0:10:29]} Qxf6 {[%clk 0:20:36]} 23. Bc3
{[%clk 0:10:15]} axb4 {[%clk 0:19:36]} 24. axb4 {[%clk 0:10:31]} Ra3
{[%clk 0:18:43]} 25. Qd2 {[%clk 0:08:18]} Qe7 {[%clk 0:15:20]} 26. Ra1
{[%clk 0:08:06]} Rea8 {[%clk 0:15:00]} 27. Qd3 {[%clk 0:07:28]} f5
{[%clk 0:11:53]} 28. Rxa3 {[%clk 0:07:43]} Rxa3 {[%clk 0:12:14]} 29. Bxe5+
{[%clk 0:07:27]} Qxe5 {[%clk 0:11:45]} 30. Qxa3 {[%clk 0:07:52]} f4
{[%clk 0:09:15]} 31. Qa1 {[%clk 0:06:51]} Qxa1 {[%clk 0:09:04]} 32. Rxa1
{[%clk 0:07:15]} fxe3 {[%clk 0:09:25]} 33. Ra7 {[%clk 0:06:58]} Bc8
{[%clk 0:09:34]} 34. Kf1 {[%clk 0:07:05]} Kf7 {[%clk 0:09:11]} 35. Ba4
{[%clk 0:07:10]} Kf6 {[%clk 0:08:21]} 36. Ra8 {[%clk 0:05:05]} Bf5
{[%clk 0:08:20]} 37. Bc6 {[%clk 0:05:09]} Bd3+ {[%clk 0:07:56]} 38. Ke1
{[%clk 0:05:33]} Bxc4 {[%clk 0:07:52]} 39. Bxb7 {[%clk 0:05:57]} Ke5
{[%clk 0:07:33]} 40. Rc8 {[%clk 0:05:43]} c5 {[%clk 0:07:14]} 41. dxc6
{[%clk 0:06:07]} d5 {[%clk 0:07:14]} 42. c7 {[%clk 0:06:10]} d4 {[%clk 0:07:18]}
43. Re8+ {[%clk 0:06:35]} Kf4 {[%clk 0:07:38]} 44. c8=Q {[%clk 0:06:55]} Bb5
{[%clk 0:07:27]} 45. Qg4# {[%clk 0:07:08]} 1-0

[Event "EUYCC 2024 U12"]
[Site "?"]
[Date "2024.08.09"]
[Round "5.7"]
[White "Sweetman, Hugo"]
[Black "Kopecny, Filip"]
[Result "1/2-1/2"]
[BlackElo "2008"]
[WhiteElo "1493"]
[LiveChessVersion "1.4.8"]

1. d4 {[%clk 1:30:55]} d5 {[%clk 1:30:45]} 2. Nc3 {[%clk 1:31:14]} Nf6
{[%clk 1:31:04]} 3. Bf4 {[%clk 1:31:36]} e6 {[%clk 1:30:44]} 4. e3
{[%clk 1:31:29]} a6 {[%clk 1:30:46]} 5. Nf3 {[%clk 1:31:31]} c5 {[%clk 1:30:58]}
6. dxc5 {[%clk 1:31:31]} Bxc5 {[%clk 1:30:46]} 7. Bd3 {[%clk 1:31:32]} Nbd7
{[%clk 1:30:10]} 8. O-O {[%clk 1:30:55]} b5 {[%clk 1:29:35]} 9. Ne2
{[%clk 1:20:52]} Bb7 {[%clk 1:29:01]} 10. Ng3 {[%clk 1:17:08]} O-O
{[%clk 1:28:18]} 11. c3 {[%clk 1:14:54]} Re8 {[%clk 1:27:13]} 12. Ne5
{[%clk 1:10:01]} Nxe5 {[%clk 1:26:06]} 13. Bxe5 {[%clk 1:10:21]} Nd7
{[%clk 1:26:30]} 14. Bd4 {[%clk 0:55:13]} Bd6 {[%clk 1:26:48]} 15. f4
{[%clk 0:54:58]} f6 {[%clk 1:12:08]} 16. Qh5 {[%clk 0:37:46]} Nf8
{[%clk 1:11:32]} 17. e4 {[%clk 0:33:20]} Bxf4 {[%clk 0:52:03]} 18. Rxf4
{[%clk 0:30:36]} e5 {[%clk 0:52:25]} 19. Rg4 {[%clk 0:27:47]} exd4
{[%clk 0:49:50]} 20. Nf5 {[%clk 0:23:09]} Ng6 {[%clk 0:43:40]} 21. exd5
{[%clk 0:20:48]} Re5 {[%clk 0:11:55]} 22. Rxg6 {[%clk 0:08:54]} hxg6
{[%clk 0:11:35]} 23. Qxg6 {[%clk 0:09:16]} Qd7 {[%clk 0:06:40]} 24. d6
{[%clk 0:08:45]} Rd8 {[%clk 0:00:54]} 25. cxd4 {[%clk 0:08:40]} Rxf5
{[%clk 0:00:37]} 26. Bxf5 {[%clk 0:08:47]} Qxd6 {[%clk 0:00:50]} 27. Qh7+
{[%clk 0:00:41]} Kf8 {[%clk 0:01:07]} 1/2-1/2

[Event "EUYCC 2024 U12"]
[Site "?"]
[Date "2024.08.09"]
[Round "5.8"]
[White "Duchatel, Cyrielle"]
[Black "Lickova, Anna"]
[Result "1/2-1/2"]
[BlackElo "1621"]
[WhiteElo "1636"]
[LiveChessVersion "1.4.8"]

1. e4 {[%clk 1:30:41]} e5 {[%clk 1:30:55]} 2. Nf3 {[%clk 1:30:18]} Nf6
{[%clk 1:31:18]} 3. Nxe5 {[%clk 1:29:56]} d6 {[%clk 1:31:43]} 4. Nf3
{[%clk 1:30:05]} Nxe4 {[%clk 1:31:51]} 5. Nc3 {[%clk 1:30:04]} Nxc3
{[%clk 1:32:15]} 6. dxc3 {[%clk 1:30:12]} Be7 {[%clk 1:32:21]} 7. Bc4
{[%clk 1:29:14]} Nc6 {[%clk 1:31:05]} 8. O-O {[%clk 1:28:02]} O-O
{[%clk 1:30:00]} 9. Bf4 {[%clk 1:25:10]} Bg4 {[%clk 1:28:07]} 10. h3
{[%clk 1:23:03]} Bh5 {[%clk 1:28:10]} 11. Qd5 {[%clk 1:20:55]} Bg6
{[%clk 1:24:08]} 12. Bd3 {[%clk 1:20:17]} Kh8 {[%clk 1:20:28]} 13. Rfe1
{[%clk 1:15:20]} Bf6 {[%clk 1:14:27]} 14. Rad1 {[%clk 1:01:39]} Qd7
{[%clk 1:05:40]} 15. Nd2 {[%clk 0:58:20]} Rfe8 {[%clk 1:00:35]} 16. Ne4
{[%clk 0:48:25]} Be5 {[%clk 0:52:02]} 17. Nc5 {[%clk 0:41:01]} Qc8
{[%clk 0:47:59]} 18. Bxe5 {[%clk 0:40:20]} dxc5 {[%clk 0:40:50]} 19. Qxc5
{[%clk 0:38:00]} Nxe5 {[%clk 0:38:33]} 20. Rxe5 {[%clk 0:38:20]} c6
{[%clk 0:38:23]} 21. Rde1 {[%clk 0:37:36]} Rxe5 {[%clk 0:35:06]} 22. Rxe5
{[%clk 0:37:15]} b6 {[%clk 0:35:09]} 23. Qd6 {[%clk 0:37:01]} c5 {[%clk 0:34:03]}
24. Bxg6 {[%clk 0:35:08]} hxg6 {[%clk 0:33:20]} 25. Re7 {[%clk 0:34:04]} Qf8
{[%clk 0:32:21]} 26. Rd7 {[%clk 0:33:10]} Qxd6 {[%clk 0:26:51]} 27. Rxd6
{[%clk 0:33:35]} Kg8 {[%clk 0:27:14]} 28. Kf1 {[%clk 0:33:44]} Kf8
{[%clk 0:27:40]} 29. Ke2 {[%clk 0:33:26]} Ke7 {[%clk 0:27:57]} 30. Rd3
{[%clk 0:33:47]} Rc8 {[%clk 0:25:54]} 31. c4 {[%clk 0:33:28]} Rc6
{[%clk 0:26:08]} 32. Kd2 {[%clk 0:32:22]} Rf6 {[%clk 0:26:15]} 33. f3
{[%clk 0:32:14]} Rf4 {[%clk 0:26:10]} 34. Kc3 {[%clk 0:31:17]} Rf5
{[%clk 0:24:58]} 35. a3 {[%clk 0:28:42]} Re5 {[%clk 0:23:57]} 36. b4
{[%clk 0:27:54]} cxb4+ {[%clk 0:23:09]} 37. axb4 {[%clk 0:28:17]} Re2
{[%clk 0:23:34]} 38. Rd2 {[%clk 0:28:31]} Re3+ {[%clk 0:23:35]} 39. Kd4
{[%clk 0:28:07]} Re6 {[%clk 0:23:46]} 40. Rd3 {[%clk 0:27:17]} Rd6+
{[%clk 0:24:08]} 41. Ke3 {[%clk 0:27:19]} Re6+ {[%clk 0:24:12]} 42. Kd2
{[%clk 0:27:38]} Rc6 {[%clk 0:24:29]} 43. Rd4 {[%clk 0:25:47]} Rf6
{[%clk 0:23:14]} 44. Kc3 {[%clk 0:24:43]} Rf5 {[%clk 0:23:20]} 45. Rd5
{[%clk 0:23:26]} Rf6 {[%clk 0:23:29]} 46. c5 {[%clk 0:23:16]} Re6
{[%clk 0:18:58]} 47. Kd4 {[%clk 0:22:15]} f6 {[%clk 0:19:06]} 48. b5
{[%clk 0:18:28]} bxc5+ {[%clk 0:19:22]} 49. Rxc5 {[%clk 0:16:59]} Rd6+
{[%clk 0:19:17]} 50. Kc4 {[%clk 0:16:08]} Rd7 {[%clk 0:19:20]} 51. Rc6
{[%clk 0:15:54]} Kd8 {[%clk 0:17:53]} 52. Kc5 {[%clk 0:15:49]} Re7
{[%clk 0:18:11]} 53. Rd6+ {[%clk 0:15:10]} 1/2-1/2